000 00668nam a22001937a 4500
999 _c93581
_d93581
005 20230703163631.0
010 _aENG-113037 ENG-137250
020 _a9789385160097
_c695.00
035 _aEN-96569 EN-120782
037 _bDBAB/PUB
082 _a327.1247
245 _aMajor operations of KGB /
_cedited by Sunjoy K Singh
260 _aNew Delhi
_bLenin Media
_c2015
270 _a204-205, IInd Floor, Durga Complex Centre Shoping Complex Mayur Vihar, Phase-II,
_bNew Delhi
_e110091
300 _aviii,260p.
_c22cm(Hb)
500 _aIncludes bibliographical references and index
700 _aSunjoy K.Singh
942 _2ddc
_cEN
_mMAJ
_h327.1247